<?xml version="1.0" encoding="UTF-8"?>
<record
    xmlns:xsi="http://www.w3.org/2001/XMLSchema-instance"
    xsi:schemaLocation="http://www.loc.gov/MARC21/slim http://www.loc.gov/standards/marcxml/schema/MARC21slim.xsd"
    xmlns="http://www.loc.gov/MARC21/slim">

  <leader>01579nam a22002537a 4500</leader>
  <controlfield tag="001">8844</controlfield>
  <controlfield tag="003">FISKH</controlfield>
  <controlfield tag="005">20251023091856.0</controlfield>
  <controlfield tag="008">251022b        cb ||||| |||| 00| 0 eng d</controlfield>
  <datafield tag="020" ind1=" " ind2=" ">
    <subfield code="a">9789995070397</subfield>
  </datafield>
  <datafield tag="040" ind1=" " ind2=" ">
    <subfield code="a">FISKH</subfield>
    <subfield code="b">eng</subfield>
    <subfield code="c">FISKH</subfield>
    <subfield code="d">FISKH</subfield>
  </datafield>
  <datafield tag="082" ind1=" " ind2=" ">
    <subfield code="a">813 </subfield>
  </datafield>
  <datafield tag="100" ind1=" " ind2=" ">
    <subfield code="a">Anonymous </subfield>
  </datafield>
  <datafield tag="245" ind1=" " ind2=" ">
    <subfield code="a">&#x179A;&#x17BF;&#x1784; &#x17AA;&#x1796;&#x17BB;&#x1780; &#x1793;&#x17B7;&#x1784; &#x1780;&#x17BC;&#x1793; &#x1793;&#x17B6;&#x17C6;&#x179B;&#x17B6;&#x1791;&#x17C5;&#x179B;&#x1780;&#x17CB;/ </subfield>
  </datafield>
  <datafield tag="260" ind1=" " ind2=" ">
    <subfield code="a">Phnom Penh : </subfield>
    <subfield code="b">Banteaysrey Bookshop, </subfield>
    <subfield code="c">2016.</subfield>
  </datafield>
  <datafield tag="300" ind1=" " ind2=" ">
    <subfield code="a">24 pages : </subfield>
    <subfield code="b">color illustrations ; </subfield>
    <subfield code="c">30 cm</subfield>
  </datafield>
  <datafield tag="505" ind1=" " ind2=" ">
    <subfield code="a">H
</subfield>
  </datafield>
  <datafield tag="520" ind1=" " ind2=" ">
    <subfield code="a">&#x17AA;&#x1796;&#x17BB;&#x1780;&#x1798;&#x17D2;&#x1793;&#x17B6;&#x1780;&#x17CB;&#x1793;&#x17B7;&#x1784;&#x1780;&#x17BC;&#x1793;&#x1794;&#x17B6;&#x1793;&#x1793;&#x17B6;&#x17C6;&#x179B;&#x17B6;&#x1791;&#x17C5;&#x1791;&#x17B8;&#x1795;&#x17D2;&#x179F;&#x17B6;&#x179A;&#x178A;&#x17BE;&#x1798;&#x17D2;&#x1794;&#x17B8;&#x179B;&#x1780;&#x17CB;&#x17D4; &#x1796;&#x17BD;&#x1780;&#x1782;&#x17C1;&#x178F;&#x17C2;&#x1784;&#x178F;&#x17C2;&#x179F;&#x17D2;&#x178F;&#x17B6;&#x1794;&#x17CB;&#x1798;&#x178F;&#x17B7;&#x17A2;&#x17D2;&#x1793;&#x1780;&#x178A;&#x1791;&#x17C3;&#x179A;&#x17B6;&#x179B;&#x17CB;&#x178A;&#x1784;&#x178A;&#x17C2;&#x179B;&#x1783;&#x17BE;&#x1789;&#x1796;&#x17BD;&#x1780;&#x1782;&#x17C1;&#x17D4; &#x1796;&#x17C1;&#x179B;&#x178A;&#x17BE;&#x179A;&#x1791;&#x17B6;&#x17C6;&#x1784;&#x1796;&#x17B8;&#x179A;&#x1798;&#x1793;&#x17BB;&#x179F;&#x17D2;&#x179F;&#x1793;&#x17B7;&#x1799;&#x17B6;&#x1799;&#x1790;&#x17B6;&#x1798;&#x17B7;&#x1793;&#x178A;&#x17B9;&#x1784;&#x1794;&#x17D2;&#x179A;&#x17BE;&#x179B;&#x17B6;&#x17D4; &#x1796;&#x17C1;&#x179B;&#x17AA;&#x1796;&#x17BB;&#x1780;&#x17B2;&#x17D2;&#x1799;&#x1780;&#x17BC;&#x1793;&#x1787;&#x17B7;&#x17C7;&#x1782;&#x17C1;&#x1793;&#x17B7;&#x1799;&#x17B6;&#x1799;&#x1790;&#x17B6;&#x1780;&#x17BC;&#x1793;&#x1798;&#x17B7;&#x1793;&#x1782;&#x17C4;&#x179A;&#x1796;&#x17AA;&#x1796;&#x17BB;&#x1780;&#x17D4; &#x1796;&#x17C1;&#x179B;&#x17AA;&#x1796;&#x17BB;&#x1780;&#x1787;&#x17B7;&#x17C7;&#x1782;&#x17C1;&#x1793;&#x17B7;&#x1799;&#x17B6;&#x1799;&#x1790;&#x17B6;&#x1798;&#x17B7;&#x1793;&#x179F;&#x1794;&#x17D2;&#x1794;&#x17BB;&#x179A;&#x179F;&#x17D4; &#x1791;&#x17B6;&#x17C6;&#x1784;&#x1796;&#x17B8;&#x179A;&#x1787;&#x17B7;&#x17C7;&#x1782;&#x17C1;&#x1793;&#x17B7;&#x1799;&#x17B6;&#x1799;&#x1790;&#x17B6;&#x1794;&#x1784;&#x17D2;&#x1781;&#x17C6;&#x179B;&#x17B6;&#x17D4; &#x1785;&#x17BB;&#x1784;&#x1780;&#x17D2;&#x179A;&#x17C4;&#x1799;&#x1796;&#x17BD;&#x1780;&#x1782;&#x17C1;&#x1785;&#x1784;&#x179B;&#x17B6;&#x178A;&#x17B9;&#x1780;&#x179B;&#x17BE;&#x178A;&#x1784;&#x1788;&#x17BE; &#x1794;&#x17C9;&#x17BB;&#x1793;&#x17D2;&#x178F;&#x17C2;&#x179B;&#x17B6;&#x1797;&#x17D0;&#x1799;&#x179B;&#x17C4;&#x178F;&#x1785;&#x17BC;&#x179B;&#x1791;&#x1793;&#x17D2;&#x179B;&#x17C1;&#x17D4; &#x1796;&#x17BD;&#x1780;&#x1782;&#x17C1;&#x1798;&#x17B7;&#x1793;&#x1794;&#x17B6;&#x1793;&#x179B;&#x17B6;&#x1794;&#x17B6;&#x1793;&#x179B;&#x1780;&#x17CB;&#x1791;&#x17C1;&#x17D4;</subfield>
  </datafield>
  <datafield tag="521" ind1="8" ind2=" ">
    <subfield code="a">430
</subfield>
    <subfield code="b">Lexile estimate
</subfield>
  </datafield>
  <datafield tag="521" ind1="8" ind2=" ">
    <subfield code="a">H
</subfield>
    <subfield code="b">Raz-Plus
</subfield>
  </datafield>
  <datafield tag="650" ind1=" " ind2=" ">
    <subfield code="a">Father Son </subfield>
  </datafield>
  <datafield tag="942" ind1=" " ind2=" ">
    <subfield code="2">ddc</subfield>
    <subfield code="c">BK</subfield>
    <subfield code="n">0</subfield>
  </datafield>
  <datafield tag="999" ind1=" " ind2=" ">
    <subfield code="c">8844</subfield>
    <subfield code="d">8844</subfield>
  </datafield>
  <datafield tag="952" ind1=" " ind2=" ">
    <subfield code="0">0</subfield>
    <subfield code="1">0</subfield>
    <subfield code="2">ddc</subfield>
    <subfield code="4">0</subfield>
    <subfield code="7">0</subfield>
    <subfield code="8">KH</subfield>
    <subfield code="a">001</subfield>
    <subfield code="b">001</subfield>
    <subfield code="c">OKHR</subfield>
    <subfield code="d">2025-10-23</subfield>
    <subfield code="l">0</subfield>
    <subfield code="o">ANO 813 </subfield>
    <subfield code="p">2025-4708</subfield>
    <subfield code="r">2025-10-23 09:18:54</subfield>
    <subfield code="t">1</subfield>
    <subfield code="w">2025-10-23</subfield>
    <subfield code="y">BK</subfield>
  </datafield>
</record>
